|
|
|
|
| LEADER |
01386nam a2200361Ia 4500 |
| 001 |
EBC3014520 |
| 003 |
MiAaPQ |
| 005 |
20200520144314.0 |
| 006 |
m o d | |
| 007 |
cr cn||||||||| |
| 008 |
060622s2006 dcu sb i000 0 eng d |
| 035 |
|
|
|a (MiAaPQ)EBC3014520
|
| 035 |
|
|
|a (Au-PeEL)EBL3014520
|
| 035 |
|
|
|a (CaPaEBR)ebr10380903
|
| 035 |
|
|
|a (CaONFJC)MIL382221
|
| 035 |
|
|
|a (OCoLC)694141220
|
| 040 |
|
|
|a MiAaPQ
|c MiAaPQ
|d MiAaPQ
|
| 050 |
|
4 |
|a HG4523
|b .F56 2006
|
| 100 |
1 |
|
|a Flood, Robert P.
|
| 245 |
1 |
0 |
|a Getting shut out of the international capital markets
|h [electronic resource] :
|b it doesn't take much /
|c prepared by Robert Flood and Nancy Marion.
|
| 260 |
|
|
|a [Washington, D.C.] :
|b International Monetary Fund, Research Dept.,
|c c2006.
|
| 300 |
|
|
|a 12 p.
|
| 490 |
1 |
|
|a IMF working paper ;
|v WP/06/144
|
| 500 |
|
|
|a "June 2006."
|
| 504 |
|
|
|a Includes bibliographical references.
|
| 533 |
|
|
|a Electronic reproduction. Ann Arbor, MI : ProQuest, 2015. Available via World Wide Web. Access may be limited to ProQuest affiliated libraries.
|
| 650 |
|
0 |
|a Capital market.
|
| 650 |
|
0 |
|a International finance.
|
| 655 |
|
4 |
|a Electronic books.
|
| 700 |
1 |
|
|a Marion, Nancy Peregrim.
|
| 710 |
2 |
|
|a ProQuest (Firm)
|
| 830 |
|
0 |
|a IMF working paper ;
|v WP/06/144.
|
| 856 |
4 |
0 |
|u https://ebookcentral.proquest.com/lib/matrademy/detail.action?docID=3014520
|z Click to View
|